| 000 | 01088nam a22003257a 4500 | ||
|---|---|---|---|
| 003 | IBSLLIB | ||
| 005 | 20260513054102.0 | ||
| 008 | 260513b |||||||| |||| 00| 0 eng d | ||
| 020 | _a9788126537044 | ||
| 040 |
_aIBSLLIB _beng |
||
| 041 | _hEng | ||
| 082 |
_a658.5 _bRUS |
||
| 100 | _aRussell , Roberta S. | ||
| 245 |
_aOperations Management : _bInternational student Version |
||
| 260 |
_aHoboken : _bWiley & Sons INC , _c2014 |
||
| 300 |
_a810 p ; _c26 cm |
||
| 505 | _aoperations and supply chain management introduction | ||
| 505 | _aQuality and quality management | ||
| 505 | _aProcess capability and statistical process control | ||
| 505 | _aAcceptance sampling as decision support analysis | ||
| 505 | _aProcess design and technology | ||
| 505 | _amanaging project | ||
| 505 | _aHR in operations management | ||
| 505 | _aFacility location models decision support tools | ||
| 650 | _amanagement and auxiliary services | ||
| 653 | _aoperation management | ||
| 653 | _aTechnology | ||
| 700 |
_aTaylor , Bernard W. _eCoo Author |
||
| 942 | _cLBK | ||
| 999 |
_c22116 _d22116 |
||